2002 Census of economic activities Republic of Mauritius

Na minha lista:
Detalhes bibliográficos
Formato: Livro
Idioma:inglês
Publicado em: Port Louis Central Statistics Office 2006
Assuntos:
Tags: Adicionar Tag
Sem tags, seja o primeiro a adicionar uma tag!

MARC

LEADER 00000nam$a2200000$$$4500
001 0050991
005 20251201095443.0
041 0 |a eng 
044 |a MU 
245 1 0 |a 2002 Census of economic activities  |b Republic of Mauritius 
264 1 |a Port Louis  |b Central Statistics Office  |c 2006 
300 |a 279 s. 
610 2 0 |a sektory hospodárske 
610 2 0 |a podnik veľký 
610 2 0 |a aktivita hospodárska 
610 2 0 |a odvetvia činnosti ekonomickej 
610 2 0 |a zamestnanci 
610 2 0 |a výroba 
610 2 0 |a priemysel 
610 2 0 |a Maurícius